| 000 | 004540000a22001570004500 | ||
|---|---|---|---|
| 090 |
_aAR _b02619 |
||
| 245 | 1 | 0 | _aApplications of veterinary medicine to in situ conservation efforts |
| 650 | 1 | 4 |
_aVeterinaria _993538 |
| 650 | 1 | 4 |
_aFauna silvestre _992225 |
| 650 | 1 | 4 |
_aConservación _992401 |
| 041 | 0 | _aInglés | |
| 700 | 1 |
_aCook, Robert A. _996116 |
|
| 100 | 1 |
_aKaresh, William B. _996117 |
|
| 942 | _cARTICULO | ||
| 773 | 1 |
_tORYX _3202 _h4 _q244-252 _d1995 _g29 |
|
| 999 |
_c11682 _d11682 |
||